| 000 | 00824nam a2200217Ia 4500 | ||
|---|---|---|---|
| 999 |
_c38294 _d38294 |
||
| 001 | 4304 | ||
| 003 | GE_BSU | ||
| 005 | 20191010115330.0 | ||
| 008 | 181216s2003||||ge |||||||||||||| ||geo|| | ||
| 020 | _a9992885653 | ||
| 040 | _cGE_BSU | ||
| 041 | _ageo | ||
| 080 | _a32(479.223)+94(479.223) გ-58 | ||
| 100 |
_aგობრონიძე, ალექსანდრე _9794 |
||
| 245 |
_aოპტიმიზმი : _b10 წელი ასლან აბაშიძის გუნდში / _cრედ.: ჯემალ სურმანიძე. |
||
| 264 |
_a ბათუმი : _bაჭარა, _c2003. |
||
| 300 |
_a314 გვ.; _b21 სმ. |
||
| 653 | _aასლან აბაშიძე | ||
| 700 |
_aსურმანიძე, ჯ. _eრედაქტორი _94069 |
||
| 942 |
_cBK _2udc |
||